000 00740nas a2200253 4500
001 BR0201835
003 BR-BrBNA
005 20231205102846.0
007 ta
008 230509b bl.|||p| |||| 00| 00por d
040 _aBR-BrBNA
_bpor
_cBiblioteca Nacional de Agricultura
041 _a(En)
072 _aH10
100 1 _aPanizzi, A.R.
100 1 _aSantos, C.H.
245 1 _aUnusual oviposition on the body of conspecifics by phytophagous heteropterans
650 _aINSETO
650 _aPERCEVEJO
650 _aHETEROPTERO
650 _aBIOLOGIA
773 0 _tNeotropical Entomology (Brazil)
_xISSN 1519-566X
_g(Sep 2001), v. 30(3) p. 471-472
_wBR0201835
909 _a202311
_bLúcia
_c55
_dLúcia Elande
942 _2AGRIS
_n0
_cANA
999 _c169743
_d169743